Análisis de algunos de los elementos estructurales que gestan las condiciones de violencia /
Trata sobre las categorías conceptuales para analizar algunos de los elementos que se consideran son estructurales en generación de la violencia, como formas de organización social, de poder y control, para estudiar la violencia contra las mujeres.
Zapisane w:
| 1. autor: | |
|---|---|
| Format: | Książka |
| Język: | Spanish |
| Wydane: |
La Habana, Cuba:
Instituto Cubano del Libro,
1974-
|
| Hasła przedmiotowe: | |
| Etykiety: |
Dodaj etykietę
Nie ma etykietki, Dołącz pierwszą etykiete!
|
MARC
| LEADER | 00000nam a22000007a 4500 | ||
|---|---|---|---|
| 008 | 140930s2009 cu ||||| |||| 00| b|spa d | ||
| 022 | |a 0047-1542 | ||
| 040 | |a CIICLA | ||
| 082 | |a Isla: revista | ||
| 100 | 1 | |a Espinosa Hernández, América | |
| 245 | 1 | 0 | |a Análisis de algunos de los elementos estructurales que gestan las condiciones de violencia / |c América Espinosa Hernández |
| 260 | |a La Habana, Cuba: |b Instituto Cubano del Libro, |c 1974- | ||
| 300 | |a páginas 107-116 | ||
| 520 | |a Trata sobre las categorías conceptuales para analizar algunos de los elementos que se consideran son estructurales en generación de la violencia, como formas de organización social, de poder y control, para estudiar la violencia contra las mujeres. | ||
| 650 | 1 | 4 | |a VIOLENCIA INTRAFAMILIAR |
| 773 | 0 | |g Número 52 (165): 107-116 ; septiembre-diciembre, 2010 |q 107-116 |t Islas : revista de la Universidad Central de Las Villas, Santa Clara, Cuba. | |
| 942 | |2 ddc |c ARC | ||
| 999 | |c 3549 |d 3549 | ||
